• 首页
  • 本馆介绍
  • 公告通知
  • 最新文献
  • 馆藏检索
  • 电子资源
  • 读者导购
  • 参考咨询
  • 我的图书馆
  • 登录
  • 详细信息显示
  • 放入我的书架
  • 预约/预借图书
  • 作者相关作品
  • 分类相关作品
  • 丛书相关作品
  • 出版社相关作品

书目信息

  • 表格格式
  • 工作单格式
  • 卡片格式
题名:
汽车碰撞查勘定损与修复
    
 
作者: 顾惠烽 , 蔡勇 编著
分册:  
出版信息: 北京   化学工业出版社  2020
页数: 240页
开本: 26cm
丛书名:
单 册:
中图分类: F842.634 , U472.4 , F842.6
科图分类:
主题词: 汽车保险--理赔--中国 , 汽车--维修
电子资源:
ISBN: 978-7-122-36741-9
000 00929nam0 2200265 450
001 2250380634
005 20220930140024.19
010    @a978-7-122-36741-9@dCNY88.00
100    @a20200911d2020 em y0chiy50 ea
101 0  @achi
102    @aCN@b110000
105    @aa z 000yy
200 1  @a汽车碰撞查勘定损与修复@9qi che peng zhuang cha kan ding sun yu xiu fu@f顾惠烽, 蔡勇等编著
210    @a北京@c化学工业出版社@d2020
215    @a240页@c图,照片@d26cm
330    @a本书介绍汽车碰撞查勘估损与定损的基本知识以及修复技术,内容涵盖车辆识别技术、车身相关基础知识、车辆事故及损伤形式、事故现场查勘处理方法、汽车定损方法及注意事项、事故车修复技术和要领。
606 0  @a汽车保险@x理赔@y中国
606 0  @a汽车@x维修
690    @aF842.634@v5
690    @aU472.4@v5
690    @aF842.6@v4
701  0 @a顾惠烽@9gu hui feng@4编著
701  0 @a蔡勇@9cai yong@4编著
801  0 @aCN@b91MARC@c20200911
905    @aZUCC@dF842.6@e5
    
    汽车碰撞查勘定损与修复/顾惠烽, 蔡勇等编著.-北京:化学工业出版社,2020
    240页:图,照片;26cm
    
    
    ISBN 978-7-122-36741-9:CNY88.00
    本书介绍汽车碰撞查勘估损与定损的基本知识以及修复技术,内容涵盖车辆识别技术、车身相关基础知识、车辆事故及损伤形式、事故现场查勘处理方法、汽车定损方法及注意事项、事故车修复技术和要领。
●
相关链接 在五车中查询图书 在当当中查询图书 在豆瓣中查询图书


正题名:汽车碰撞查勘定损与修复     索取号:F842.6/5         预约/预借

序号 登录号 条形码 馆藏地/架位号 状态 备注
1 2000908495   2000908495   第三书库/ [索取号:F842.6/5] 已借出,限还日期为2026.01.10
借出人:张勤昂  
 
2 2000908496   2000908496   第三书库/ [索取号:F842.6/5] 在馆    
3 2000908497   2000908497   第三书库/ [索取号:F842.6/5] 在馆    
山东省滨州职业学院图书馆 欢迎您!
大连网信软件有限公司© 版权所有